Language Quiz

Random Language or Song Quiz

The Who's Vocabulary Quiz Stats

 Plays Quiz Updated Sep 16, 2019

Score 0/20 Timer 05:00
2 Plays Today
% Correct
Donkey
95.6%
Constitution
95.3%
Backdated
95.2%
Messiahs
95.1%
Chime
95.1%
Deliberately
95%
Betrays
94.8%
Exodus
94.7%
Quarry
94.4%
Feeble
94.3%
% Correct
Queue
94.3%
Glides
94.3%
Embedded
94.2%
Ransack
93.9%
Vengeance
93.7%
Dizzy
93.5%
Yearn
92.8%
Staggered
92.3%
Intuition
90.3%
Sensation
87.7%

You're not logged in!

Compare scores with friends on all Sporcle quizzes.
OR
Log In

Sporcle TV

Today on Sporcle TV


Watch our educational content, quiz creation guides, and fun videos on Sporcle TV.

Show Comments

Extras

Top Quizzes Today


Score Distribution

Your Account Isn't Verified!

In order to create a playlist on Sporcle, you need to verify the email address you used during registration. Go to your Sporcle Settings to finish the process.

Report this User

Report this user for behavior that violates our Community Guidelines.

Details: